00358 a2200133 450000100060000008200120000610000180001824500940003625000080013026000330013830000120017150000270018350500140021085014 a515 ANT aAnton, Haward aCalculus, (International students version 9th ED)hEnglishbInternational Student version a9th aUSAbJohn Wiley & Sonsc2010 axx 1292 aDOS BS Reference Books aAHQ Books